Statistics for France - Albania UEFA Euro 2016

Click here to take the quiz!

General Stats

  • This quiz has been taken 61 times
  • The average score is 15 of 30

Answer Stats

Answer% Correct
Antoine Griezmann ¹
85%
Hugo Lloris
85%
Paul Pogba
83%
Olivier Giroud
79%
Dimitri Payet ¹
74%
Taulant Xhaka
70%
N'Golo Kanté
66%
Etrit Berisha
64%
Armando Sadiku
60%
Bacary Sagna
51%
Elseid Hysaj
51%
Kingsley Coman
51%
Patrice Evra
49%
Ermir Lenjani
47%
Laurent Koscielny
47%
Blaise Matuidi
45%
Mërgim Mavraj
43%
Didier Deschamps
40%
Adil Rami
38%
Amir Abrashi
38%
Odise Roshi
38%
Arlind Ajeti
36%
Burim Kukeli
36%
Gianni De Biasi
36%
Ansi Agolli
34%
Anthony Martial
34%
Andi Lila
32%
Ledian Memushaj
32%
André-Pierre Gignac
26%
Frédéric Veseli
23%

Score Distribution

Percentile by Number Answered

Percent of People with Each Score

Your Score History

You have not taken this quiz